000
00312 a2200157 4500
001
58181
020
_a
8526217550
040
_c
Anchieta - Pituba
100
_a
D'Santana, Edson
240
1
0
_a
Ao mar!
_l
por
245
1
0
_a
Ao mar!
300
_a
40
362
0
_a
1991
650
4
_a
Drama brasileiro
942
_c
BK
999
_c
58181
_d
58181